| 000 | 00891nam a2200265Ia 4500 | ||
|---|---|---|---|
| 003 | GCL | ||
| 008 | 140319s9999 xx 000 0 ara d | ||
| 040 |
_aGCL / _cGCL |
||
| 082 | 0 | 4 |
_a591 _bس ا |
| 100 | 1 | _aستورر، تراس .ى | |
| 245 | 1 | 0 |
_aاساسيات علم الحيوان / _cستورر، تراس .ى |
| 700 | 1 | _aيوستجر، روبرت ل | |
| 700 | 1 | _aمحمد عبدالواحد | |
| 700 | 1 | _aرسمى يونس جرجس | |
| 260 |
_a[S.N] : _bالدار الدولية للنشر والتوزيع |
||
| 490 | _a | ||
| 650 | 0 | 4 | _aالحيوان |
| 650 | 0 | 4 | _aالحيوانات الثدييات |
| 650 | 0 | 4 | _aفسيولوجيا الاحياء المائية |
| 650 | 0 | 4 | _aالثعابين السامة |
| 650 | 0 | 4 | _aتشريح البرمائيات |
| 650 | 0 | 4 | _aالزواحف السامة |
| 650 | 0 | 4 | _aالحيوانات - تربية |
| 942 |
_2ddc _cBK |
||
| 999 |
_c29803 _d29803 |
||